000 00869nam a22002537a 4500
001 32697
003 AR-RoBPED
005 20260506134604.0
008 260505s1979 sp ad||br|||| 001 0 spa d
020 _a8435701034
040 _aAR-RoBPED
041 _aspa
100 1 _aLozano Rey, Luis,
_d1879-1958
_922793
245 1 0 _aCiencias :
_bestudio de la naturaleza.
_n4 /
_cLuis Rey
250 _a3a ed.
260 _aMadrid :
_bCódice,
_c1979?
300 _a203 p. :
_bil. col.
505 _aLa tierra y los seres vivientes -- Estudio del hombre y de sus necesidades -- El mundo en que vivimos -- Aventura con Física y Química -- El tiempo.
650 4 _aARCHIVO INFANTIL
_924464
650 4 _aCIENCIAS NATURALES
_9535
650 4 _aCUARTO GRADO
_91621
942 _2udc
_cBK
_h502
_kIA
_mLR 91 4
_aK. 32697
_pInv. 42429
945 _acd 05/05/2026 - lgc 05/05/2025
999 _c32697
_d32697